Función jurídica de control de la administración pública

Uloženo v:
Podrobná bibliografie
Hlavní autor: Márquez Gómez, Daniel
Korporativní autor: e-libro, Corp
Médium: E-kniha
Jazyk:španělština
Vydáno: México, D.F. : Instituto de Investigaciones Jurídicas-UNAM, 2005.
Vydání:1a. ed.
Edice:Serie Doctrina jurídica ; no. 242
Témata:
On-line přístup:https://elibro.unach.elogim.com/es/lc/unach/titulos/74445
Tagy: Přidat tag
Žádné tagy, Buďte první, kdo vytvoří štítek k tomuto záznamu!

MARC

LEADER 00000nam a2200000 a 4500
001 ELB74445
003 FlNmELB
006 m o d |
007 cr cn|||||||||
008 201010r2005 mx |||||s|||||||||||spa d
020 |z 9703224091 
035 |a (MiAaPQ)EBC3190645 
035 |a (Au-PeEL)EBL3190645 
035 |a (CaPaEBR)ebr10417903 
035 |a (OCoLC)929293259 
040 |a FlNmELB  |b spa  |c FlNmELB 
050 4 |a KGF4550  |b M939 2005 
080 |a 351.9 
082 0 4 |a 343.7203  |2 21 
100 1 |a Márquez Gómez, Daniel. 
245 1 0 |a Función jurídica de control de la administración pública  |h [recurso electronico] /  |c Daniel Márquez. 
250 |a 1a. ed. 
260 |a México, D.F. :  |b Instituto de Investigaciones Jurídicas-UNAM,  |c 2005. 
300 |a xxv, 338 p. 
440 0 |a Serie Doctrina jurídica ;  |v no. 242 
533 |a Recurso electrónico. Santa Fe, Arg.: e-libro, 2015. Disponible vía World Wide Web. El acceso puede estar limitado para las bibliotecas afiliadas a e-libro. 
650 0 |a Finance, Public  |x Law and legislation  |z Mexico. 
650 0 |a Administrative responsibility  |z Mexico. 
650 0 |a Administración pública  |x Legislación  |z México. 
653 |a Administracion publica  |a Legislacion  |a Mexico 
655 4 |a Libros electrónicos. 
710 2 |a e-libro, Corp. 
856 4 0 |u https://elibro.unach.elogim.com/es/lc/unach/titulos/74445